La littérature de guerre (Record no. 142712)
[ view plain ]
| 000 -LEADER | |
|---|---|
| campo de control de longitud fija | 00611nam a2200181 i 4500 |
| 001 - NÚMERO DE CONTROL | |
| campo de control | 142712 |
| 003 - IDENTIFICADOR DE NÚMERO DE CONTROL | |
| campo de control | ES-MaACL |
| 005 - FECHA Y HORA DE LA ÚLTIMA TRANSACCIÓN | |
| campo de control | 20250710064531.0 |
| 007 - CAMPO FIJO DE DESCRIPCIÓN FÍSICA--INFORMACIÓN GENERAL | |
| campo de control de longitud fija | t| |
| 008 - DATOS DE LONGITUD FIJA--INFORMACIÓN GENERAL | |
| campo de control de longitud fija | 071009s1918 fr ||||1| fre d |
| 100 1# - ENTRADA PRINCIPAL--NOMBRE DE PERSONA | |
| Nombre de persona | Vic, Jean. |
| 9 (RLIN) | 114306 |
| 245 13 - MENCIÓN DEL TÍTULO | |
| Título | La littérature de guerre |
| Resto del título | : manuel méthodique et critique des publications de langue française (aout 1914-aout 1916) / |
| Mención de responsabilidad, etc. | Jean Vic ; preface de Gustave Lanson. |
| 260 ## - PUBLICACIÓN, DISTRIBUCIÓN, ETC. | |
| Lugar de publicación, distribución, etc. | Paris : |
| Nombre del editor, distribuidor, etc. | Payot & Cie., |
| Fecha de publicación, distribución, etc. | 1918. |
| 300 ## - DESCRIPCIÓN FÍSICA | |
| Extensión | XXXV, 376 p. ; |
| Dimensiones | 19 cm. |
| 700 1# - ENTRADA AGREGADA--NOMBRE PERSONAL | |
| Nombre de persona | Lanson, Gustave, |
| Fechas asociadas al nombre | 1857-1934 |
| 9 (RLIN) | 70098 |
| 852 ## - LOCALIZACIÓN | |
| Ubicación | ES-MaACL |
| Número de control de estantería | F-5640 |
| Estatus retirado | Estado de pérdida | Estado de daño | No para préstamo | Biblioteca de origen | Biblioteca actual | Ubicación en estantería | Fecha de adquisición | Fuente de adquisición | Total de préstamos | Signatura topográfica completa | Código de barras | Visto por última vez | Precio de reemplazo | Tipo de ítem Koha |
|---|---|---|---|---|---|---|---|---|---|---|---|---|---|---|
| Biblioteca del Ateneo de Madrid | Biblioteca del Ateneo de Madrid | Depósito 2 | 17/01/2008 | F-5640 | 1148490 | 23/02/2023 | 23/02/2023 | Libro impreso |
